| 000 | 00430nam a2200145 4500 | ||
|---|---|---|---|
| 001 | 4392 | ||
| 005 | 20181127173318.0 | ||
| 020 | 0 | 0 | _a9780143418016 |
| 090 | 0 | 0 | _a954.035092 G1956m 2012 |
| 100 | 0 | 0 | _aGandhi, M.K. |
| 245 | 0 | 0 |
_aMy experiments with truth / _b _cTranslated from the Gujarati by M. K. Gandhi. _h |
| 300 |
_axix, 436 p. ; 22 cm. _b _c _e |
||
| 650 | 0 | 0 |
_aGandhi, Mahatma, 1869-1948. _x |
| 650 | 0 | 0 |
_aStatesmen --India --Biography. _x |
| 999 |
_c3633 _d3633 |
||